000 00434nam a2200145Ia 4500
008 100204s9999 xx 000 0 und d
082 _b10318
100 _aभद्र्रे तुषार
245 _aकरान
260 _b"ग्रंथाली वाचक चळवळ , मुंबई - कुर्ला"
_c1987
300 _a53
630 _aकरान
730 _aकरान
942 _cBOOK
999 _c454754
_d454751